Statistics for Countries With The Most Christians

Click here to take the quiz!

General Stats

  • This quiz has been taken 35 times
  • The average score is 25 of 30

Answer Stats

Pop.%Country% Correct
114,1 mil79.8Russia
97%
45,1 mil67.0United Kingdom
97%
26,8 mil58.7Argentina
94%
187,5 mil87.5Brazil
94%
32,5 mil2.3China
94%
46,3 mil90.0Colombia
94%
54,1 mil91.6Italy
94%
114,9 mil90.7Mexico
94%
85,3 mil40.0Nigeria
94%
40,7 mil68.6South Africa
94%
43,3 mil64.0France
90%
48,6 mil58.5Germany
90%
39,0 mil92.2Poland
90%
260,5 mil78.5United States
90%
27,6 mil98.0Venezuela
90%
75,4 mil62.7Ethiopia
87%
32,3 mil2.3India
87%
44,5 mil94.3Spain
87%
38,8 mil88.8Ukraine
87%
25,7 mil67.2Canada
84%
31,6 mil93.8Peru
84%
76,7 mil80.0DR Congo
81%
43,7 mil82.5Kenya
77%
105,3 mil92.5Philippines
77%
17,7 mil92.6Romania
74%
18,2 mil53.0Angola
71%
27,1 mil9.0Indonesia
71%
23,3 mil71.2Ghana
65%
38,4 mil83.9Uganda
65%
18,6 mil95.5Zambia
39%

Score Distribution

Percentile by Number Answered

Percent of People with Each Score

Your Score History

You have not taken this quiz